Dido and Aeneas /

Bibliographic Details
Main Author: Purcell, Henry, 1659-1695
Corporate Authors: Collegium Musicum 90 (Performer), Kultur International Films
Other Authors: Tate, Nahum, 1652-1715 (Librettist), Ewing, Maria (Performer), Daymond, Karl, 1965- (Performer), Evans, Rebecca (Performer), Burgess, Sally, 1953- (Performer), Plazas, Mary, 1966- (Performer), Stephen, Pamela Helen (Performer), MacDougall, Jamie (Performer), Bowman, James (Performer), Hickox, Richard, 1948-2008 (Conductor), Maniura, Peter, Kortekaas, Niek
Format: Video DVD
Language:English
Language Notes:Sung in English, with English, French, and German subtitles.
Published: West Long Branch, NJ : Kultur, [2008]
Subjects:

MARC

Tag First Indicator Second Indicator Subfields
LEADER 00000cgm a2200000Ia 4500
001 in00002390749
005 20151109062749.0
007 vd cvaizs
008 080606p20081995nju060 vleng d
020 |a 0769787258 
020 |a 9780769787251 
024 1 |a 032031424296 
028 4 2 |a D4242  |b Kultur 
035 |a (OCoLC)ocn236108840 
035 |a (OCoLC)236108840 
040 |a CIN  |c CIN  |d TXA  |d UtOrBLW 
041 1 |a eng  |j eng  |j fre  |j ger  |h eng 
049 |a TXAM 
090 |a M1500.P93  |b D53 2008 
100 1 |a Purcell, Henry,  |d 1659-1695. 
245 1 0 |a Dido and Aeneas /  |c by Henry Purcell. 
264 1 |a West Long Branch, NJ :  |b Kultur,  |c [2008] 
264 4 |c ©2008 
300 |a 1 videodisc (60 min.) :  |b sound, color ;  |c 4 3/4 in. 
336 |a two-dimensional moving image  |b tdi  |2 rdacontent 
337 |a video  |b v  |2 rdamedia 
338 |a videodisc  |b vd  |2 rdacarrier 
538 |a DVD; soundtrack in LPCM stereo; aspect ratio 4:3. 
500 |a Opera in 3 acts; libretto by Nahum Tate. 
546 |a Sung in English, with English, French, and German subtitles. 
511 0 |a Maria Ewing (Dido) ; Karl Daymond (Aeneas) ; Rebecca Evans (Belinda) ; Sally Burgess (Sorceress) ; Patrica Rozario (Second woman) ; Mary Plazas (First Enchantress) ; Pamela Helen Stephen (Second Enchantress) ; Jamie McDougall (Aeneas's lieutenant) ; James Bowman (Voice of Mercury) ; Collegium Musicum 90 ; Richard Hickox, conductor. 
508 |a Director, Peter Maniura; production designer, Niek Kortekaas. 
518 |a Filmed at Hampton Court House, England; originally produced in 1995. 
500 |a Videorecording. 
650 0 |a Operas. 
655 7 |a Music  |v Performance  |v Videodisc.  |2 migfg 
655 7 |a Filmed operas.  |2 lcgft 
700 1 |a Tate, Nahum,  |d 1652-1715,  |e librettist. 
700 1 |a Ewing, Maria,  |e performer. 
700 1 |a Daymond, Karl,  |d 1965-  |e performer. 
700 1 |a Evans, Rebecca,  |e performer. 
700 1 |a Burgess, Sally,  |d 1953-  |e performer. 
700 1 |a Plazas, Mary,  |d 1966-  |e performer. 
700 1 |a Stephen, Pamela Helen,  |e performer. 
700 1 |a MacDougall, Jamie,  |e performer. 
700 1 |a Bowman, James,  |e performer. 
700 1 |a Hickox, Richard,  |d 1948-2008,  |e conductor. 
700 1 |a Maniura, Peter. 
700 1 |a Kortekaas, Niek. 
710 2 |a Collegium Musicum 90,  |e performer. 
710 2 |a Kultur International Films. 
994 |a C0  |b TXA 
948 |a cataloged  |b h  |c 2008/7/31  |d c  |e jho  |f 11:00:01 am 
999 |a MARS 
999 f f |s d7c19e79-629f-3a5d-8e62-29ce37bb17d0  |i c3f9b974-cdc4-3e89-aa17-6d000c19cdb6  |t 0 
952 f f |p ric  |a Texas A&M University  |b Rellis Campus  |c Joint Library Facility  |d Remote Storage  |t 0  |e M1500.P93 D53 2008  |h Library of Congress classification  |i video -- videodisc  |m A14837317338 
998 f f |a M1500.P93 D53 2008  |t 0  |l Remote Storage